000 00519nam a2200193Ia 4500
008 090124s9999 xx 000 0 und d
082 _b132119
100 _aडे शोभा
245 _a स्पीडपोस्ट
250 _a1
260 _c2004
300 _a352
600 _aडे शोभा
630 _a स्पीडपोस्ट
700 _aडे शोभा
700 _aवेलणकर अपर्णा
730 _a स्पीडपोस्ट
942 _cBOOK
999 _c178208
_d178208